| 000 | 00372nam a2200145 a 4500 | ||
|---|---|---|---|
| 001 | 3377 | ||
| 003 | CDMR | ||
| 005 | 20130909123724.0 | ||
| 008 | 130130s2008||||||||||||||||||||||||||||d | ||
| 040 |
_aCDMR _bcat _cCPC GIRONA |
||
| 100 | 1 |
_aGarrido, Antoni _92436 |
|
| 245 | 1 | 0 |
_aRosa Serra, una visió monumental _cGarrido, Antoni |
| 260 |
_c2008 _bEl Bassegoda |
||
| 942 |
_cMON _2udc |
||
| 999 |
_c3377 _d3377 |
||